000 00388nam a2200145Ia 4500
008 230917s9999||||xx |||||||||||||| ||und||
040 _e48191
_aMAIN
041 _aEnglish
082 _a822.33 S15J:M
100 _aJackson, B A W, ed
245 0 _aManner and meaning in Shakespeare
260 _aCanada
_bMcMaster University Library Press
_c1971
300 _avii, 232 p.
942 _cBK
999 _c191461
_d191461